1751 1613 1165 1829 1052 1797 1491 1171 1932 1059 1492 1338 1011 1935 1561 1950 1337 1618 1832 1449 1657 1797 1345 1151 1708 1546 1548 1818 1794 1127 1829 1666 1639 1668 1731 1356 1362 1535 1120 1986 1897 1028 1415 1003 1598 1563 1207 1592 1512 1318 1377 1630 1827 1447 1852 1775 1964 1192 1649 1586 1326 1672 1377 1381 1524 1132 1373 1640 1928 1145 1519 1527 1723 1860 1916 1618 1595 1776 1554 1862 1856 1979 1757 1427 1705 1463 1492 1706 1710 1587 1011 1868 1494 1579 1800 1126 1435 1883 1722 BCNSPRNW ULIB Ver.6.0+V

เปลี่ยนเป็นภาษาไทย

Change to English
 แสดงรายละเอียดบรรณานุกรม
  กลับหน้าหลัก

Brief Record : Get Marc (ISO 2709) : E-mail record : QR code < ปิดหน้าต่าง
LEADER : 00000nam 2200000uu 4500
001    13399122756
003     ULIB
008    130913s2554||||th 000 0 tha d
020    ^a9786162340345
060  4 ^aWL342^bป712ส
100 1  ^aเปรมฉัตร ปิงวิทฐากรณ์
245 10 ^aสารพัดข้อบ่งชี้อาการปวดหัวนำสู่โรคร้ายนับร้อย /^cเปรมฉัตร ปิงวิทฐากรณ์
250    ^aพิมพ์ครั้งแรก
260    ^aกรุงเทพฯ :^bFeel good publishing,^c2554
300    ^a224 หน้า :^bภาพประกอบ ;^c22 ซม.
650  7 ^aปวดศรีษะ
650  7 ^aปวศีรษะ^xการรักษา
650  7 ^aปวดหัว
945    ^p170^l0^i20200
945    ^p170^l0^i20201
999    ^aทศพร เกษรทอง
รายการนี้ยังไม่มีแท็ก
คุณยังไม่ได้ล็อกอิน คุณสามารถมีกิจกรรมร่วมกับเว็บไซต์ได้ แต่ต้องล็อกอินก่อน ::
  ล็อกอิน

รายการสื่อสารสนเทศ

ลำดับที่ ประเภท เลขเรียก/บาร์โค้ด สถานที่ สถานะ
1. วิทยาศาสตร์การแพทย์ และสุขภาพ
วิทยาศาสตร์การแพทย์ และสุขภาพ
สถานะ=หนังสือเก่า
WL342 ป712ส ฉ.1 
  Barcode: 20200
ห้องสมุดวิทยาเขตนครสวรรค์
►ส่วนจัดเก็บหนังสือเก่า นว.
บนชั้น
  ขอยืม
2. วิทยาศาสตร์การแพทย์ และสุขภาพ
วิทยาศาสตร์การแพทย์ และสุขภาพ
สถานะ=หนังสือเก่า
WL342 ป712ส ฉ.2 
  Barcode: 20201
ห้องสมุดวิทยาเขตนครสวรรค์
►ส่วนจัดเก็บหนังสือเก่า นว.
บนชั้น
  ขอยืม

BibComment


ยังไม่เคยถูกคอมเมนท์

คอมเมนท์ทรัพยากรรายการนี้
  คอมเมนท์: สารพัดข้อบ่งชี้อ..


 Copyright 2026. Bcnsprnw @Library